Samajtattwa parichay/ (Record no. 11384)

MARC details
000 -LEADER
fixed length control field 00494nam a22001937a 4500
005 - DATE AND TIME OF LATEST TRANSACTION
control field 20220920131751.0
008 - FIXED-LENGTH DATA ELEMENTS--GENERAL INFORMATION
fixed length control field 220920b ||||| |||| 00| 0 eng d
020 ## - INTERNATIONAL STANDARD BOOK NUMBER
International Standard Book Number 9789389865219
040 ## - CATALOGING SOURCE
Original cataloging agency IN-DiNC
Transcribing agency IN-DiNC
041 ## - LANGUAGE CODE
Language code of sung or spoken text Assamese
082 ## - DEWEY DECIMAL CLASSIFICATION NUMBER
Classification number 301
Item number SAI
100 ## - MAIN ENTRY--PERSONAL NAME
Personal name Saikia, Utpal
Relator term Author
245 ## - TITLE STATEMENT
Title Samajtattwa parichay/
Statement of responsibility, etc. by Utpal Saikia
250 ## - EDITION STATEMENT
Edition statement 1st ed.
260 ## - PUBLICATION, DISTRIBUTION, ETC.
Place of publication, distribution, etc. Dibrugarh:
Name of publisher, distributor, etc. Banalata,
Date of publication, distribution, etc. 2020
300 ## - PHYSICAL DESCRIPTION
Extent 223p.
650 ## - SUBJECT ADDED ENTRY--TOPICAL TERM
Topical term or geographic name entry element Introduction to sociology
942 ## - ADDED ENTRY ELEMENTS (KOHA)
Source of classification or shelving scheme Dewey Decimal Classification
Koha item type Books
Holdings
Withdrawn status Lost status Source of classification or shelving scheme Damaged status Not for loan Collection code Home library Current library Shelving location Date acquired Cost, normal purchase price Total Checkouts Full call number Barcode Date last seen Date last checked out Copy number Price effective from Koha item type Date due
    Dewey Decimal Classification     Sociology Naharkatiya College Library Naharkatiya College Library General Stacks 20/09/2022 190.00 9 301 SAI 29044 20/11/2025 23/10/2025 1 20/09/2022 Books  
    Dewey Decimal Classification     Sociology Naharkatiya College Library Naharkatiya College Library General Stacks 20/09/2022 190.00 9 301 SAI 29045 20/11/2025 27/10/2025 2 20/09/2022 Books  
    Dewey Decimal Classification     Sociology Naharkatiya College Library Naharkatiya College Library General Stacks 20/09/2022 190.00 8 301 SAI 29046 20/11/2025 27/10/2025 3 20/09/2022 Books  
    Dewey Decimal Classification     Sociology Naharkatiya College Library Naharkatiya College Library General Stacks 20/09/2022 190.00 11 301 SAI 29047 26/11/2025 23/10/2025 4 20/09/2022 Books  
    Dewey Decimal Classification     Sociology Naharkatiya College Library Naharkatiya College Library General Stacks 20/09/2022 190.00 3 301 SAI 29048 13/12/2024 13/12/2024 5 20/09/2022 Books 01/01/2025

Naharkatiya College © 2020. All rights reserved.

Powered By